| 000 | 02679 a2200301 4500 | ||
|---|---|---|---|
| 005 | 2009032601531.0 | ||
| 008 | 090326t xxu||||| |||| 00| 0 hin d | ||
| 010 | _aB-299930-936 | ||
| 020 |
_c450.00 _a8175244658 |
||
| 035 | _aB-299930-936 | ||
| 037 | _bखेल साहित्य केन्द्र | ||
| 040 |
_adpl _bhn |
||
| 082 | _a613 | ||
| 100 | _aअमरेश कुमार | ||
| 245 |
_aस्वास्थ्य विज्ञान दर्पण / _bअमरेश कुमार |
||
| 260 |
_aनई दिल्ली _bखेल साहित्य केन्द्र _c2007 |
||
| 270 |
_aम.न.7/26,बैसमेंट, अंसारी रोड, दरियागंज _bनई दिल्ली _cदिल्ली _e110002 |
||
| 300 |
_a234पृ _c22 सेमी (सजिल्द) _bसचित्र |
||
| 942 |
_adpl _cHN _2ddc _h613 _mअमरे |
||
| 999 |
_c12235 _d12235 |
||